[Event "TCh-CZE Liga 1 Zapad"]
[Site "Czech Rep CZE"]
[Date "2012.04.01"]
[Round "11.1"]
[White "Kochetkova,J"]
[Black "Pribyl,Jo"]
[Result "1/2-1/2"]
[WhiteElo "2260"]
[BlackElo "2305"]

1.e4 d6 2.d4 Nf6 3.Nc3 e5 4.Nf3 Nbd7 5.Bc4 Be7 6.O-O O-O 7.Re1 c6 8.a4 b6
9.Bg5 Ne8 10.Be3 a6 11.d5 c5 12.Nd2 Bg5 13.Bf1 g6 14.Nc4 Bxe3 15.Nxe3 Ndf6
16.Rb1 Bd7 17.b4 Qc7 18.Qd2 Nh5 19.b5 a5 20.Nc4 f5  1/2-1/2

[Event "4NCL 2011-12"]
[Site "Hinkley ENG"]
[Date "2012.04.01"]
[Round "8.47"]
[White "Lee,GD"]
[Black "Curtis,J ENG"]
[Result "1-0"]
[WhiteElo "2244"]
[BlackElo "2116"]

1.e4 d6 2.d4 Nf6 3.Nc3 e5 4.dxe5 dxe5 5.Qxd8+ Kxd8 6.Bc4 Bb4 7.Bg5 Bxc3+
8.bxc3 Be6 9.Bxe6 fxe6 10.O-O-O+ Ke7 11.f4 Nc6 12.Nf3 Ke8 13.Rhe1 h6 14.Bxf6 gxf6
15.fxe5 fxe5 16.Rd3 Ke7 17.Kd2 Rhg8 18.g3 Rad8 19.Ke3 Rd6 20.Rb1 b6 21.Nd2 Na5
22.Rb5 c5 23.Rb1 Rgd8 24.Rf1 Rxd3+ 25.cxd3 c4 26.Nxc4 Nxc4+ 27.dxc4 Rc8 28.Kd3 Rd8+
29.Kc2 Rc8 30.Kb3 Rd8 31.Rf2 Rd1 32.c5 bxc5 33.Kc4 Re1 34.Kxc5 Rxe4 35.c4 Re3
36.a4 Ra3 37.Kb4 Ra1 38.Rb2 Kd6 39.Kb5 e4 40.c5+ Kc7 41.Re2 Rb1+ 42.Kc4 a5
43.Rxe4 Rb4+ 44.Kd3 Rxe4 45.Kxe4 Kc6 46.g4 Kxc5 47.h4 Kd6 48.Kf4 Ke7 49.g5 hxg5+
50.Kxg5  1-0

[Event "4NCL 2011-12"]
[Site "Hinkley ENG"]
[Date "2012.04.01"]
[Round "8.72"]
[White "Player,E"]
[Black "Mah,K"]
[Result "0-1"]
[WhiteElo "2199"]
[BlackElo "2419"]

1.e4 d6 2.d4 Nf6 3.Nc3 e5 4.Nf3 Nbd7 5.Bc4 Be7 6.O-O O-O 7.Re1 c6 8.a4 b6
9.h3 a6 10.b3 Bb7 11.Bb2 Qc7 12.Qd2 b5 13.Bf1 Rfe8 14.Rad1 Bf8 15.dxe5 dxe5
16.Qe3 Nc5 17.Ba3 Nfd7 18.Ra1 Rad8 19.axb5 axb5 20.Ne2 Qb6 21.Bb2 f6 22.Red1 Qc7
23.Ng3 Ne6 24.c4 Bc5 25.Qe1 b4 26.Bc1 Nd4 27.Nxd4 Bxd4 28.Ra4 Nb6 29.Ra2 c5
30.Ne2 Bxe4 31.Nxd4 exd4 32.Qd2 Ra8 33.f3 Bc6 34.Rxa8 Rxa8 35.Re1 Re8 36.Bd3 Rxe1+
37.Qxe1 Qe5 38.Kf2 Qxe1+ 39.Kxe1 g6 40.Bf4 Kf7 41.Kf2 Ke6 42.h4 f5 43.Bh6 Nd7
44.Bb1 Ke7 45.Kg3 Ne5 46.Kf4 Nf7 47.Bg7 Bd7 48.Bc2 h6 49.Kg3 Be6 50.Kf2 Kd6
51.Ke2 h5 52.Bf8+ Kc6 53.Bg7 g5 54.hxg5 Nxg5 55.Kf2 h4 56.Bf6 h3 57.g4 h2
58.Kg2 Nxf3 59.gxf5 Ne1+ 60.Kxh2 Nxc2 61.fxe6 Na1 62.Kg2 Nxb3 63.Be7 d3 64.Kf2 Nd4
65.Ke1 b3  0-1

[Event "43rd Mar del Plata Open"]
[Site "Mar del Plata ARG"]
[Date "2012.04.01"]
[Round "2"]
[White "Ricardi,P"]
[Black "Lopez,Di"]
[Result "1-0"]
[WhiteElo "2504"]
[BlackElo "2158"]

1.e4 d6 2.d4 Nf6 3.Nc3 e5 4.Nf3 exd4 5.Nxd4 Be7 6.Qf3 O-O 7.Be3 c5 8.Nf5 Bxf5
9.Qxf5 a6 10.O-O-O Qa5 11.Kb1 b5 12.Be2 Nc6 13.g4 g6 14.Qf4 b4 15.Nd5 Nxd5
16.exd5 Ne5 17.h4 Rab8 18.h5 b3 19.cxb3 Rb4 20.Qh6 g5 21.f4 Rxf4 22.Bxf4 gxf4
23.g5 Qb4 24.g6  1-0

[Event "Pobeskydi GM 2012"]
[Site "Frydek Mistek CZE"]
[Date "2012.04.02"]
[Round "1"]
[White "Kriebel,T"]
[Black "Straka,Joz2"]
[Result "1/2-1/2"]
[WhiteElo "2333"]
[BlackElo "2317"]

1.e4 d6 2.d4 Nf6 3.Nc3 e5 4.dxe5 dxe5 5.Qxd8+ Kxd8 6.Bg5 Be6 7.O-O-O+ Kc8
8.f4 exf4 9.Nf3 Bb4 10.Bd3 Bxc3 11.bxc3 Nbd7 12.a3 c5 13.Rhe1 Nb6 14.Bxf4 Na4
15.Ng5 Nxc3 16.Rd2 Rd8 17.Nxe6 fxe6 18.Bc4 Rxd2 19.Kxd2 Ncxe4+ 20.Kd3 Nf2+
21.Ke2 N2e4 22.Kf3 Kd7 23.Rxe4 Nxe4 24.Kxe4 Rf8 25.g4 a6 26.Ke5 Re8 27.a4 h6
28.h4 Kc6 29.g5 hxg5 30.Bxg5 b5 31.axb5+ axb5 32.Bxe6 Rf8 33.Bd5+ Kb6 34.Kd6 c4
35.Be7 Rf2 36.Bd8+ Ka6 37.Be4 Rd2+ 38.Kc7 b4 39.Bg5 Rh2 40.Be7 b3 41.c3 b2
42.Bb4 Rxh4 43.Bb7+ Kb5 44.Bc6+ Ka6 45.Bb7+ Kb5 46.Bc6+ Ka6  1/2-1/2

[Event "European Senior Teams 2012"]
[Site "Rogaska Slatina SLO"]
[Date "2012.04.02"]
[Round "7.18"]
[White "Kendall,P"]
[Black "Mira,H"]
[Result "1/2-1/2"]
[WhiteElo "2042"]
[BlackElo "2083"]

1.e4 d6 2.d4 Nf6 3.Nc3 c6 4.f4 Qa5 5.Bd3 e5 6.Nf3 Nbd7 7.Qe2 Be7 8.Bd2 Qc7
9.O-O-O O-O 10.g4 exd4 11.Nxd4 Nc5 12.h3 Re8 13.Rde1 Nxd3+ 14.Qxd3 Nd7 15.Nf5  1/2-1/2

[Event "Cebanenco Mem IM 2012"]
[Site "Kishinev MDA"]
[Date "2012.04.03"]
[Round "1"]
[White "Golub,D"]
[Black "Itkis,B"]
[Result "0-1"]
[WhiteElo "2250"]
[BlackElo "2434"]

1.e4 d6 2.d4 Nf6 3.Nc3 e5 4.Nge2 Nbd7 5.g3 b5 6.Bg2 Bb7 7.Nxb5 Nxe4 8.d5 Nef6
9.c4 Be7 10.f4 O-O 11.O-O a6 12.Nbc3 Rc8 13.h3 c6 14.Be3 cxd5 15.cxd5 exf4
16.Rxf4 Ne5 17.Bf2 Nfd7 18.Qb3 Rc7 19.Rd1 Qa8 20.Na4 Rb8 21.Nb6 Nxb6 22.Qxb6 Rcc8
23.Qb3 a5 24.Nc3 Ba6 25.Qc2 Qb7 26.b3 Bd8 27.Kh2 Bb6 28.Be1 Bc5 29.Qf5 Bb4
30.Ne4 Qe7 31.Bxb4 axb4 32.Rd2 h6 33.Nf2 Rc3 34.Ng4 Bc8 35.Qe4 Bxg4 36.hxg4 Qg5
37.Rd4 h5 38.Rxb4 Re8 39.Qf5 Nxg4+ 40.Kh3 Qxf5 41.Rxf5 g6 42.Rf3 Rc2 43.Rf1 Ree2
44.Rg1 Ne3 45.Re4 Rxa2 46.b4 Rxg2 47.Rxg2 Nxg2 48.b5 Rb2 49.b6 g5 50.b7 g4+
51.Kh2 Nh4+  0-1

[Event "5th Pedro Montalvo"]
[Site "Las Palmas ESP"]
[Date "2012.04.03"]
[Round "2"]
[White "Fernandez Garcia,JoseL1"]
[Black "Sanchez Quintero,R"]
[Result "1-0"]
[WhiteElo "2414"]
[BlackElo "2084"]

1.e4 d6 2.d4 Nf6 3.Nc3 e5 4.dxe5 dxe5 5.Qxd8+ Kxd8 6.Bg5 c6 7.Nf3 Nd7 8.Bc4 Ke8
9.O-O-O a6 10.Bh4 b5 11.Bb3 Bc5 12.Rhe1 a5 13.a4 b4 14.Nb1 Bb6 15.Nbd2 Ba6
16.Bc4 Bb7 17.Bf1 Ng4 18.Nc4 Bc7 19.h3 Nh6 20.Bg5 f6 21.Bxh6 gxh6 22.Nh4 Ba6
23.Nf5 Rg8 24.Ncd6+ Bxd6 25.Nxd6+ Kf8 26.Bxa6 Rxa6 27.Nf5 Ra7 28.g3 h5 29.Rd6 Rc7
30.Red1 Ke8 31.Re6+ Kd8 32.Rxf6 Rh8 33.Rfd6 Re8 34.Rh6 Rh8 35.b3 Kc8 36.Ne7+ Kb7
37.Ng6 Rg8 38.Rxh7 Rxg6 39.Rdxd7 Rxd7 40.Rxd7+ Kb6  1-0

[Event "Pobeskydi GM 2012"]
[Site "Frydek Mistek CZE"]
[Date "2012.04.04"]
[Round "3"]
[White "Szczepkowska Horowska,K"]
[Black "Ivanov,MM"]
[Result "1/2-1/2"]
[WhiteElo "2369"]
[BlackElo "2401"]

1.e4 d6 2.d4 Nf6 3.Nc3 e5 4.Nf3 Nbd7 5.Bc4 Be7 6.O-O O-O 7.Re1 c6 8.a4 a5
9.h3 Nb6 10.Ba2 Nfd7 11.Be3 exd4 12.Nxd4  1/2-1/2

[Event "VIII Lubuska Wiosna Open"]
[Site "Gorzow Wielkopolski POL"]
[Date "2012.04.04"]
[Round "2"]
[White "Smieszek,W"]
[Black "Malaniuk,V"]
[Result "0-1"]
[WhiteElo "1830"]
[BlackElo "2509"]

1.e4 d6 2.d4 Nf6 3.Nc3 Nbd7 4.Nf3 e5 5.dxe5 dxe5 6.Bc4 Bc5 7.O-O O-O 8.Bg5 h6
9.Bh4 c6 10.Qe2 Qe7 11.Rad1 b5 12.Bb3 Bb6 13.Bg3 Nh5 14.Bh4 Ndf6 15.h3 a5
16.a3 Ba6 17.Bxf6 Qxf6 18.Nd2 Ng3  0-1

[Event "Cebanenco Mem IM 2012"]
[Site "Kishinev MDA"]
[Date "2012.04.04"]
[Round "2"]
[White "Itkis,B"]
[Black "Kalinina,O"]
[Result "1/2-1/2"]
[WhiteElo "2434"]
[BlackElo "2280"]

1.d4 d6 2.e4 Nf6 3.Nc3 e5 4.Nf3 Nbd7 5.Bc4 Be7 6.O-O O-O 7.a4 a6 8.a5 exd4
9.Nxd4 Ne5 10.Be2 c5 11.Nb3 Be6 12.f4 Nc6 13.Bf3 Bxb3 14.cxb3 Nxa5 15.e5 Ne8
16.Nd5 Nc6 17.Re1 Nd4 18.Be3 dxe5 19.fxe5 Nc7 20.Bxd4 cxd4 21.Qxd4 Nxd5 22.Bxd5 Rc8
23.Qe4 Qb6+ 24.Kh1 Rc7 25.Rf1 Qg6 26.Bxb7 Qxe4 27.Bxe4 Rc5 28.Rfe1 a5 29.Bd3 Bg5
30.Bc4 Bf4 31.e6 fxe6 32.Rxe6 Kh8 33.g3 Be5 34.Ra6 Bxb2 35.R1xa5 Rxa5 36.Rxa5 g6
37.Kg2 Bd4 38.Ra2 Bc5 39.Rd2 h5 40.h4 Kg7 41.Rd7+ Kh6 42.Rd2 g5 43.Rd5 Be7
44.Rd7 Bf6 45.Kh3 Rd8 46.hxg5+ Kxg5 47.Rb7 Rd4 48.Be2 h4 49.b4 hxg3 50.Kxg3 Kf5
51.Kf3 Ke5 52.Bf1 Bd8 53.b5 Kd6 54.Ke3 Kc5 55.Rg7 Bb6 56.Rb7 Rd6 57.Ke4 Rf6
58.Bd3 Rd6  1/2-1/2

[Event "39th La Roda Open"]
[Site "La Roda ESP"]
[Date "2012.04.04"]
[Round "1"]
[White "Korneev,O"]
[Black "Almonti,A"]
[Result "1-0"]
[WhiteElo "2597"]
[BlackElo "2009"]

1.e4 d6 2.d4 Nf6 3.Nc3 e5 4.Nf3 Nbd7 5.Bc4 Be7 6.O-O h6 7.Re1 c6 8.a4 Qc7
9.Ba2 Nf8 10.h3 g5 11.Qd3 Rg8 12.Qc4 Ne6 13.Be3 g4 14.hxg4 Nxg4 15.dxe5 Nxe3
16.Rxe3 dxe5 17.Ne2 Bd7 18.Qc3 Bf6 19.Rd1 O-O-O 20.Red3 Nd4 21.Nexd4 exd4
22.Qc5 b6 23.Qh5 Bg4 24.Qxf7 Qxf7 25.Bxf7 Rg7 26.Bc4 c5 27.Re1 Re8 28.Nd2 Bg5
29.Nf1 Bf5 30.Ng3 Bg4 31.Kf1 Bf4 32.Nf5 Bxf5 33.exf5 Rxe1+ 34.Kxe1 Rxg2 35.Rf3 Rg1+
36.Ke2 Be5 37.f6 d3+ 38.cxd3  1-0

[Event "5th Pedro Montalvo"]
[Site "Las Palmas ESP"]
[Date "2012.04.04"]
[Round "3"]
[White "Cabrera Trujillo,J"]
[Black "Strikovic,A"]
[Result "1/2-1/2"]
[WhiteElo "2357"]
[BlackElo "2559"]

1.e4 d6 2.d4 Nf6 3.Nc3 e5 4.Nf3 Nbd7 5.Bc4 Be7 6.O-O Nb6 7.Be2 exd4 8.Nxd4 O-O
9.a4 a5 10.Bf4 c6 11.Qd2 Re8 12.b3 Bf8 13.Bf3 Nbd7 14.g3 Ne5 15.Bg2 Ng6 16.Rad1 Nxf4
17.Qxf4 Qb6 18.h3 Qc5 19.Nde2 Be6 20.Qd2 Rad8 21.Nf4 Bc8 22.Nd3 Qb6 23.Kh2 g6
24.Nb2 Be6 25.f4 Bg7 26.f5 gxf5 27.exf5 Bc8 28.Nc4 Qc7 29.Nxd6 Qxd6 30.Qxd6  1/2-1/2

[Event "6th Philadelphia Open"]
[Site "Philadelphia USA"]
[Date "2012.04.04"]
[Round "1.1"]
[White "Yanayt,E"]
[Black "Akobian,V"]
[Result "0-1"]
[WhiteElo "2245"]
[BlackElo "2621"]

1.d4 d6 2.e4 Nf6 3.Nc3 c6 4.Nf3 Bg4 5.Be2 Nbd7 6.O-O e5 7.Be3 Be7 8.h3 Bh5
9.Nd2 Bg6 10.f4 exf4 11.Bxf4 O-O 12.Kh1 Qc7 13.Bf3 Rfe8 14.a4 Bf8 15.Re1 Rad8
16.g4 h6 17.Re2 c5 18.Nb5 Qb8 19.c3 a6 20.Na3 cxd4 21.cxd4 Qa7 22.Qg1 d5
23.e5 Ne4 24.Bxe4 dxe4 25.Nxe4 Bxe4+ 26.Rxe4 Nf6 27.Ree1 Qxd4 28.Qxd4 Rxd4
29.Bxh6 Nxg4 30.Be3 Nxe3 31.Rxe3 Rxa4 32.Rd1 Bc5 33.Rc3 Rxe5 34.Rd8+ Kh7
35.Rd7 Rf4 36.Nc2 Rf1+ 37.Kg2 Rf2+ 38.Kg3 Rg5+ 39.Kh4 f6 40.Rc4 b5 41.Re4 Rxc2  0-1

[Event "European Senior Teams 2012"]
[Site "Rogaska Slatina SLO"]
[Date "2012.04.04"]
[Round "9.2"]
[White "Miednikova,S"]
[Black "Turikov,V"]
[Result "1/2-1/2"]
[WhiteElo "2183"]
[BlackElo "2263"]

1.e4 d6 2.d4 Nf6 3.Nc3 c6 4.f4 Qa5 5.Bd3 e5 6.Nf3 Nbd7 7.O-O Be7 8.Kh1 O-O
9.Qe1 exd4 10.Nd5 Qd8 11.Nxe7+ Qxe7 12.Nxd4 Nc5 13.e5 Re8 14.Qh4 Nfe4 15.Qxe7 Rxe7
16.Bxe4 Nxe4 17.Re1 d5 18.Be3 Bd7 19.a4 Rae8 20.Nb3 b6 21.a5 c5 22.axb6 axb6
23.Kg1 f6 24.exf6 Nxf6 25.Bd2 Ne4 26.Bc1 Bf5 27.c3 h5 28.Nd2 Nd6 29.Rxe7 Rxe7
30.Nf3 Re2 31.Ne5 Be4 32.Nf3 Bxf3 33.gxf3 Nf5 34.b4 Nh4 35.bxc5 bxc5 36.Ra8+ Kh7
37.Ba3 Nxf3+ 38.Kf1 Ra2 39.Ra7 Nxh2+ 40.Ke1 Nf3+ 41.Kf1 c4 42.f5 Nd2+ 43.Ke1 Nb1
44.f6 Nxa3 45.f7 Nc2+ 46.Kd2 Rxa7 47.f8=Q Na3 48.Qf5+ g6 49.Qxd5 Nb1+ 50.Kc2 Nxc3
51.Kxc3 Rc7 52.Qd6 Rf7 53.Kxc4 Rf5  1/2-1/2

[Event "Cebanenco Mem IM 2012"]
[Site "Kishinev MDA"]
[Date "2012.04.05"]
[Round "4"]
[White "Iovcov,V"]
[Black "Kalinina,O"]
[Result "1-0"]
[WhiteElo "2147"]
[BlackElo "2280"]

1.e4 d6 2.d4 Nf6 3.Nc3 e5 4.Nf3 Nbd7 5.Bc4 Be7 6.O-O O-O 7.Re1 a6 8.a4 b6
9.b3 c6 10.d5 Bb7 11.dxc6 Bxc6 12.Bg5 Nc5 13.Bxf6 Bxf6 14.Bd5 Qc8 15.Qd2 Bd8
16.Rad1 b5 17.axb5 axb5 18.Ra1 Rxa1 19.Rxa1 b4 20.Bxc6 bxc3 21.Qxd6 Ne6 22.Bd7 Qc5
23.Qxe5 Qxe5 24.Nxe5 Nd4 25.Ra2 Bf6 26.Nc6 Nxc6 27.Bxc6 Rd8 28.Bd5 Kf8 29.Ra7 Be7
30.Kf1 f5 31.f3 Bf6 32.Ke2 fxe4 33.fxe4 Rd6 34.Kd3 Be5 35.Rf7+ Ke8 36.Rf5 Bf6
37.Kc4 g6 38.e5 gxf5 39.exd6 Kd7 40.Kc5 Be5 41.Bc6+ Ke6 42.d7 Ke7 43.Kd5 Bxh2
44.Kd4 Bc7 45.Kxc3 Kd6 46.Bb5 h5 47.b4 h4 48.Kd3 Ke5 49.c4 f4 50.c5 f3 51.gxf3 h3
52.f4+ Kd5 53.Bc4+ Kc6 54.Kd4 Kxd7 55.f5 Ke7 56.Bd5 Kf6 57.Be4 h2 58.b5 h1=Q
59.Bxh1 Kxf5 60.Kd5 Kf6 61.b6 Bg3 62.Kc6 Ke7 63.Kb7  1-0

[Event "Semana Santa LAB Open"]
[Site "Bogota COL"]
[Date "2012.04.06"]
[Round "6"]
[White "Hernandez,Ja"]
[Black "Pena Duarte,F"]
[Result "1-0"]
[WhiteElo "2271"]
[BlackElo "2160"]

1.e4 d6 2.d4 Nf6 3.Nc3 c6 4.f4 Qa5 5.Bd2 Qb6 6.e5 Nd5 7.Nxd5 cxd5 8.c3 Qxb2
9.Bd3 Qb6 10.Qf3 e6 11.Ne2 Nc6 12.Qg3 g6 13.Rb1 Qd8 14.O-O Be7 15.Qh3 O-O
16.g4 dxe5 17.fxe5 Bg5 18.Bxg5 Qxg5 19.Qg3 f5 20.gxf5 Qxg3+ 21.hxg3 gxf5
22.Nf4 b6 23.Nh5 Ne7 24.Kf2 Kf7 25.Nf6 Kg7 26.Rh1 h6 27.g4 Rh8 28.Rbg1 Kf7
29.g5 h5 30.Be2 h4 31.g6+ Nxg6 32.Bh5 Rxh5 33.Nxh5 Ba6 34.Rg5 Rh8 35.Rhg1 Ne7
36.Rg7+ Kf8 37.Nf4 Bc8 38.Rxe7  1-0

[Event "O2C Doeberl Cup Premier 2012"]
[Site "Canberra AUS"]
[Date "2012.04.06"]
[Round "3.5"]
[White "Rodriguez,Am"]
[Black "Illingworth,M"]
[Result "1-0"]
[WhiteElo "2440"]
[BlackElo "2352"]

1.e4 d6 2.d4 Nf6 3.Nc3 e5 4.Nf3 Nbd7 5.Bc4 Be7 6.O-O O-O 7.Re1 a6 8.a4 b6
9.b3 Bb7 10.Bb2 c6 11.Bd3 Re8 12.Ne2 Bf8 13.Ng3 g6 14.Qd2 Qc7 15.Rad1 Rad8
16.c4 exd4 17.Nxd4 Bg7 18.Ndf5 Bh8 19.Nh5 Nxh5 20.Nh6+ Kf8 21.Bxh8 f6 22.Be2 Ke7
23.Bxh5 Rxh8 24.Be2 Nc5 25.Qe3 Ne6 26.Bg4 Bc8 27.Bxe6 Bxe6 28.f4 Rhf8 29.Qg3 Bc8
30.Qh4 Ke8 31.Kh1 Qe7 32.Nf5 Qc7 33.Nd4 Rf7 34.Qh6 c5 35.Nc2 Kd7 36.Ne3 Kc6
37.Nd5 Qd7 38.f5 a5 39.fxg6 hxg6 40.Qxg6 Rh8 41.Nxf6 Rg7 42.Qf5 Qxf5 43.exf5 Bxf5
44.Nd5 Bc2 45.Rd2 Bxb3 46.Rb1 Rf7 47.h3 Bxc4 48.Rxb6+ Kd7 49.Ne3 Rf4 50.Rdxd6+ Ke7
51.Rdc6 Bf7 52.Rb7+ Kf8 53.Rxc5 Rxa4 54.Rc8+ Be8 55.Rxe8+  1-0

[Event "O2C Doeberl Cup Premier 2012"]
[Site "Canberra AUS"]
[Date "2012.04.06"]
[Round "4.9"]
[White "Solomon,SJ"]
[Black "Wright,N"]
[Result "1-0"]
[WhiteElo "2375"]
[BlackElo "2183"]

1.e4 d6 2.d4 Nf6 3.Nc3 e5 4.dxe5 dxe5 5.Qxd8+ Kxd8 6.Bc4 Ke8 7.f3 c6 8.a4 Nbd7
9.a5 Nc5 10.Nge2 Be6 11.Bxe6 Nxe6 12.Be3 Bc5 13.Bxc5 Nxc5 14.Nd1 Kd7 15.Ne3 b5
16.axb6 axb6 17.Kf2 b5 18.b4 Ne6 19.c4 Rhd8 20.cxb5 cxb5 21.Nf5 Rxa1 22.Rxa1 Ke8
23.Ra6 Rd2 24.Nd6+ Kd7 25.Nxf7 Nf4 26.Nxe5+ Ke8 27.Ke3 Rxe2+ 28.Kxf4 Rxg2
29.Kf5 Rxh2 30.Ke6 Rd2 31.Nf7 Kf8 32.Nd6 Ne8 33.Nxe8 Kxe8 34.Ra8+ Rd8 35.Rxd8+ Kxd8
36.Kf7  1-0

[Event "Pobeskydi GM 2012"]
[Site "Frydek Mistek CZE"]
[Date "2012.04.06"]
[Round "6"]
[White "Andreev,Ed UKR"]
[Black "Ivanov,MM"]
[Result "1/2-1/2"]
[WhiteElo "2478"]
[BlackElo "2401"]

1.e4 d6 2.d4 Nf6 3.Nc3 e5 4.Nf3 Nbd7 5.Bc4 Be7 6.O-O O-O 7.a4 a6 8.Qe2 exd4
9.Nxd4 Ne5 10.Ba2 c5 11.Nf5 Bxf5 12.exf5 Qd7 13.f4 Nc6 14.g4 Rae8 15.Qg2 Nb4
16.Bb3 d5 17.g5 c4 18.gxf6 Bxf6 19.Ba2 Qxf5 20.Bb1  1/2-1/2

[Event "5th Pedro Montalvo"]
[Site "Las Palmas ESP"]
[Date "2012.04.06"]
[Round "7"]
[White "Espinosa Aranda,A"]
[Black "Strikovic,A"]
[Result "1-0"]
[WhiteElo "2399"]
[BlackElo "2559"]

1.e4 d6 2.d4 Nf6 3.Nc3 e5 4.Nf3 Nbd7 5.Bc4 Be7 6.O-O Nb6 7.Bb3 exd4 8.Qxd4 O-O
9.Rd1 Bg4 10.Qe3 Nfd7 11.h3 Bh5 12.Ne2 Nc5 13.Nf4 Bg6 14.Nxg6 hxg6 15.Ne5 Nxb3
16.Qxb3 g5 17.a4 Bf6 18.Ng4 Qc8 19.Nxf6+ gxf6 20.a5 Nd7 21.Qa3 Re8 22.h4 Rxe4
23.hxg5 f5 24.g6 Ne5 25.gxf7+ Kxf7 26.Qh3 Rg4 27.Qh7+ Ke6 28.Bf4 Qg8 29.Qxc7 Qd8
30.Qxd8 Rxd8 31.Bxe5 Kxe5 32.f3 Rb4 33.b3 d5 34.Rd3 Rc8 35.Re1+ Kf6 36.Rxd5 Rxc2
37.Ree5 f4 38.Rb5 Rxb5 39.Rxb5 Rc7 40.b4 a6 41.Rb6+ Ke5 42.b5 axb5 43.Rxb5+ Kf6
44.Kf2 Rc2+ 45.Kf1 Rc7 46.Ke2 Rg7 47.Kd3 Rxg2 48.Ke4 Ra2 49.Kxf4 Ra4+ 50.Kg3 Kg6
51.f4 Ra1 52.Kg4 Rg1+ 53.Kf3 Rf1+ 54.Ke4 Re1+ 55.Kd4 Re7 56.Kc5 Rf7 57.Kb6  1-0

[Event "Paskturneringen Open"]
[Site "Norrkoping SWE"]
[Date "2012.04.06"]
[Round "2"]
[White "Hedman,E"]
[Black "Eriksson,L"]
[Result "1-0"]
[WhiteElo "2392"]
[BlackElo "2036"]

1.e4 d6 2.d4 Nf6 3.Nc3 e5 4.dxe5 dxe5 5.Qxd8+ Kxd8 6.Bg5 Be6 7.O-O-O+ Kc8
8.f4 exf4 9.Nge2 Bc5 10.Nxf4 Be3+ 11.Kb1 Bxf4 12.Bxf4 a6 13.Nd5 Bxd5 14.exd5 Nbd7
15.g3 h6 16.Bh3 Kd8 17.c4 a5 18.Be3 Re8 19.Bd4 a4 20.Rhf1 Ra6 21.c5 Ra5 22.c6 Ne5
23.cxb7 Rb5 24.Bc8 Nc4 25.Rxf6 Nxb2 26.Rb6 cxb6 27.b8=Q Nxd1+ 28.Kc1 Ke7
29.Qc7+ Kf8 30.Be6  1-0

[Event "6th Philadelphia Open"]
[Site "Philadelphia USA"]
[Date "2012.04.06"]
[Round "4.14"]
[White "Vibbert,Sean"]
[Black "Kashtanov,R"]
[Result "0-1"]
[WhiteElo "2180"]
[BlackElo "2361"]

1.e4 d6 2.d4 Nf6 3.Nc3 c6 4.f4 Qa5 5.Bd3 e5 6.Nf3 Nbd7 7.Be3 Be7 8.O-O O-O
9.h3 Re8 10.Qd2 Bf8 11.Rae1 Qc7 12.a4 a6 13.Qf2 exd4 14.Bxd4 Nc5 15.e5 Nxd3
16.cxd3 dxe5 17.Bxe5 Qd8 18.Bxf6 gxf6 19.Rxe8 Qxe8 20.Ne4 Qd8 21.f5 Bxf5
22.Nxf6+ Qxf6 23.Nh4 Rd8 24.Nxf5 Rxd3 25.Nh6+ Qxh6 26.Qxf7+ Kh8 27.Qe8 Qe3+
28.Qxe3 Rxe3 29.Rxf8+ Kg7 30.Rf3 Rxf3 31.gxf3 a5 32.Kf2 Kf6 33.Ke3 Ke5 34.f4+ Kf5
35.Kf3 h5 36.h4 b5 37.b3 bxa4 38.bxa4 c5 39.Ke3 c4 40.Kd4 Kxf4 41.Kxc4 Kg4
42.Kd3 Kxh4 43.Ke2 Kg3 44.Kf1 Kf3 45.Kg1 Ke3 46.Kg2 Kd3 47.Kg3 Kc3  0-1

[Event "16th Neckar Open"]
[Site "Deizisau GER"]
[Date "2012.04.07"]
[Round "4.3"]
[White "Edouard,R"]
[Black "Neuman,P"]
[Result "1/2-1/2"]
[WhiteElo "2607"]
[BlackElo "2468"]

1.e4 d6 2.d4 Nf6 3.Nc3 e5 4.Nf3 Nbd7 5.Bc4 Be7 6.O-O O-O 7.a4 c6 8.a5 Rb8
9.Qe2 b5 10.axb6 axb6 11.d5 cxd5 12.exd5 Bb7 13.Ra7 Qc8 14.Bd2 Ra8 15.Rfa1 Rxa7
16.Rxa7 Qb8 17.Nb5 Re8 18.Ba2 Nc5 19.b4 Ba6 20.Rxe7 Rxe7 21.bxc5 bxc5 22.Bc4 Bxb5
23.Bxb5 Rb7 24.c4 Nxd5 25.g3 Nc7 26.Bc6 Rb1+ 27.Kg2 Qb3 28.Qe4 Qd1 29.Be1 g6
30.Qh4 Ne6 31.Bd5 Rb3 32.Ng5 Nxg5 33.Qxg5 Rd3 34.Ba5 Rxd5 35.cxd5 Qxd5+ 36.Kh3 Kg7
37.Bc7 f6 38.Qg4 Qc6 39.Qc8 d5 40.Qd8 Qe6+ 41.Kg2 g5 42.Bd6 c4 43.Qc7+ Kg6
44.Bf8 Qf7 45.Qc8  1/2-1/2

[Event "16th Neckar Open"]
[Site "Deizisau GER"]
[Date "2012.04.07"]
[Round "5.4"]
[White "Naiditsch,A"]
[Black "Mladenov,Sv"]
[Result "1-0"]
[WhiteElo "2702"]
[BlackElo "2419"]

1.e4 d6 2.d4 Nf6 3.Nc3 e5 4.Nge2 c6 5.g3 Be7 6.Bg2 b5 7.O-O Bb7 8.h3 h5 9.a3 Nbd7
10.f4 O-O 11.Kh2 Re8 12.Be3 Bf8 13.fxe5 dxe5 14.d5 cxd5 15.Nxd5 Nxd5 16.exd5 Nf6
17.Nc3 a6 18.Qd3 h4 19.Bg5 Ng4+ 20.hxg4 Qxg5 21.Ne4 Qxg4 22.Bh3 Qg6 23.gxh4 Red8
24.Be6 Kh8 25.Ng5 e4 26.Nxf7+ Qxf7 27.Rxf7 Bd6+ 28.Kg2 exd3 29.Rxb7 dxc2
30.Rc1 Rab8 31.Rxb8 Rxb8 32.Rxc2 b4 33.a4 b3 34.Rc6 Be5 35.d6 Bxb2 36.d7 Rd8
37.Rb6 Bf6 38.Rxb3 g6 39.Rg3 Kh7 40.Kf3 Rb8 41.Rg4 Rh8 42.h5 g5 43.Rc4 Kg7
44.Rc8 Bd8 45.Kg4 a5 46.Bf5 Kf6 47.Rc6+ Kf7 48.h6 Rf8  1-0

[Event "e2e4 Dublin Easter Masters"]
[Site "Dublin IRL"]
[Date "2012.04.07"]
[Round "5"]
[White "Wall,G"]
[Black "Nemeth,Mi1"]
[Result "1/2-1/2"]
[WhiteElo "2330"]
[BlackElo "2452"]

1.e4 d6 2.d4 Nf6 3.Nc3 Nbd7 4.f4 e5 5.Nf3 exd4 6.Nxd4 g6 7.Qe2 Bg7 8.e5 dxe5
9.fxe5 Nh5 10.e6 Ne5 11.exf7+ Kxf7 12.Qf2+ Qf6 13.Qxf6+ Nxf6 14.Be2 Rd8 15.Bf4 Nh5  1/2-1/2

[Event "Pobeskydi Open 2012"]
[Site "Frydek Mistek CZE"]
[Date "2012.04.07"]
[Round "5"]
[White "Kociscak,J"]
[Black "Plat,V"]
[Result "0-1"]
[WhiteElo "2340"]
[BlackElo "2436"]

1.d4 d6 2.e4 Nf6 3.Nc3 e5 4.Nf3 Nbd7 5.Bc4 Be7 6.Qe2 O-O 7.Be3 c6 8.Bb3 b5
9.a3 a6 10.O-O Bb7 11.Rad1 Qc7 12.Nd2 d5 13.dxe5 Nxe5 14.f4 Neg4 15.Bd4 dxe4
16.Ndxe4 c5 17.Bxf6 Nxf6 18.Nd5 Bxd5 19.Bxd5 Rad8 20.Nxf6+ Bxf6 21.c3 Rfe8
22.Qf3 b4 23.Bc4 a5 24.Rfe1 Rxe1+ 25.Rxe1 Qd7 26.h3 g6 27.f5 bxc3 28.bxc3 Qxf5
29.Qxf5 gxf5 30.Rf1 Bxc3 31.Rxf5 Rd7 32.Kf1 Bd4 33.Rd5 Rb7 34.Rd8+ Kg7 35.Ra8 Rb1+
36.Ke2 Rb2+ 37.Kf3 Rf2+ 38.Kg3 Rf5 39.Kg4 Kf6 40.Ra6+ Ke5 41.Bd3 h5+ 42.Kg3 Bf2+
43.Kh2 Rg5 44.g4 hxg4 45.hxg4 Rxg4 46.Rxa5 f5 47.Be2 Rg8 48.Ra4 Bd4 49.Ra6 Kf4
50.Bc4 Rg7 51.Rh6 Kf3 52.Bd5+ Kf2 53.a4 c4  0-1

[Event "Pobeskydi GM 2012"]
[Site "Frydek Mistek CZE"]
[Date "2012.04.07"]
[Round "7"]
[White "Velicka,P"]
[Black "Straka,Joz2"]
[Result "1/2-1/2"]
[WhiteElo "2471"]
[BlackElo "2317"]

1.e4 d6 2.d4 Nf6 3.Nc3 e5 4.Nf3 Nbd7 5.Bc4 Be7 6.O-O O-O 7.Re1 a6 8.a4 b6
9.b3 Bb7 10.d5 h6 11.g3 Nh7 12.Bf1 Ng5 13.Nd2 Re8 14.Nc4 Bf8 15.h4 Nh7 16.Ne3 Nhf6
17.Bh3 g6 18.Qf3 Bg7 19.Bd2  1/2-1/2

[Event "5th Pedro Montalvo"]
[Site "Las Palmas ESP"]
[Date "2012.04.07"]
[Round "8"]
[White "Herrera Reyes,J"]
[Black "Strikovic,A"]
[Result "0-1"]
[WhiteElo "2220"]
[BlackElo "2559"]

1.e4 d6 2.d4 Nf6 3.Nc3 e5 4.Nf3 Nbd7 5.Bc4 Be7 6.O-O O-O 7.Re1 c6 8.a4 b6
9.Ba2 a6 10.Bg5 Rb8 11.dxe5 Nxe5 12.h3 b5 13.Nxe5 dxe5 14.Qf3 Nd7 15.Be3 Nc5
16.axb5 axb5 17.Ne2 Be6 18.Ng3 Ra8 19.Nf5 Bxa2 20.Qg3 Ne6 21.Red1 Qc7 22.Bh6 Bf6
23.Rd6 Kh8 24.Rad1 gxh6 25.Rd7 Rad8 26.Rxc7 Rxd1+ 27.Kh2 Nxc7 28.b3 Ne6 29.Qf3 Rd7
30.Nxh6 Bg7 31.Nf5 b4  0-1

[Event "VI New Open Lugano"]
[Site "Lugano SUI"]
[Date "2012.04.07"]
[Round "2.2"]
[White "Dgebuadze,A"]
[Black "Meszaros,Gyu"]
[Result "1/2-1/2"]
[WhiteElo "2548"]
[BlackElo "2273"]

1.d4 d6 2.e4 Nf6 3.Nc3 c6 4.h3 b5 5.Bd3 e5 6.Nf3 Qc7 7.O-O Be7 8.a4 b4 9.Ne2 O-O
10.Ng3 Re8 11.Re1 h6 12.Bd2 a5 13.c3 bxc3 14.Bxc3 Bf8 15.Qd2 g6 16.Bc4 Bg7
17.Rad1 exd4 18.Nxd4 Nbd7 19.Nb3 Nb6 20.Bxa5 Nxc4 21.Bxc7 Nxd2 22.Nxd2 Rxa4
23.Bxd6 Nd7 24.b3 Ra2 25.Nc4 Ba6 26.Nf1 c5 27.Rd2 Rxd2 28.Nfxd2 Bc3 29.Rc1 Bd4
30.Bf4 Bxc4 31.bxc4 g5 32.Bg3 Nf6 33.Kh2 Nxe4  1/2-1/2

[Event "6th Grand Pacific Open 2012"]
[Site "Victoria BC CAN"]
[Date "2012.04.07"]
[Round "3"]
[White "Trochtchanovitch,P"]
[Black "Haynes,N"]
[Result "0-1"]
[WhiteElo "2038"]
[BlackElo "2192"]

1.e4 d6 2.d4 Nf6 3.Nc3 Nbd7 4.Nf3 e5 5.Bc4 Be7 6.O-O O-O 7.Bb3 c6 8.Qe2 b6
9.Nd1 Qc7 10.c3 h6 11.Nh4 Re8 12.f4 Bf8 13.fxe5 dxe5 14.Qc4 Nb8 15.Bxh6 Ba6
16.Qxf7+ Qxf7 17.Bxf7+ Kxf7 18.Rf5 Bc8 19.Rxe5 gxh6 20.Rxe8 Kxe8 21.e5 Nd5
22.Nf2 Be7 23.Nf3 Bf5 24.Re1 Kd7 25.Ne4 Kc7 26.c4 Nf4 27.Ng3 Bd3 28.b3 h5
29.Re3 Bb1 30.Re1 Bg6 31.Ne4 Na6 32.Nfg5 Bxe4 33.Nxe4 Rd8 34.Rd1 Ne2+ 35.Kf2 Nxd4
36.Nf6 Nc5 37.b4 Bxf6 38.bxc5 Bxe5 39.cxb6+ axb6 40.a4 Ra8 41.c5 bxc5 42.Rc1 Kd6
43.h3 h4 44.g4 hxg3+ 45.Kg2 Rxa4  0-1

[Event "OGD Prinsenstad Open A"]
[Site "Delft NED"]
[Date "2012.04.08"]
[Round "5.6"]
[White "Van Oosterom,C"]
[Black "Meng,R"]
[Result "0-1"]
[WhiteElo "2383"]
[BlackElo "2278"]

1.e4 d6 2.d4 Nf6 3.Nc3 Nbd7 4.g4 h6 5.Nf3 e5 6.g5 hxg5 7.Bxg5 c6 8.Qd2 Be7
9.O-O-O Qc7 10.Rg1 g6 11.dxe5 dxe5 12.Bc4 Nc5 13.Bxf6 Bxf6 14.Ng5 Bxg5 15.Qxg5 Be6
16.Qf6 Rh5 17.Qg7 Qe7 18.Be2 Rh4 19.Qxe5 Nd7 20.Qc7 Nc5 21.Qe5 Nd7 22.Qd4 Qc5
23.Rg2 Qxd4 24.Rxd4 Ke7 25.Rd1 Rah8 26.Rf1 Bh3  0-1